000
00322nam a22001337a 4500
008
210511b ||||| |||| 00| 0 eng d
041
_a
eng
080
_2
3rd
_a
37
082
_a
37
100
_a
46
101
_a
EDU
245
_a
Transition Education Services for Adolescents
_c
Patricia L. Sitlington
942
_2
udc
_c
BK
999
_c
57190
_d
57190